|
|
|
|
| LEADER |
00000nab a2200000 a 4500 |
| 001 |
vtls010511972 |
| 003 |
SK-MaSNL |
| 005 |
20260429170348.0 |
| 008 |
130521c201202 xo r m 000 00slo |
| 015 |
|
|
|a SNBRA2013/05SVKPO
|
| 038 |
|
|
|a SVKPO
|
| 040 |
|
|
|a SVKPOCL
|b slo
|c SVKPOCL
|e AACR2
|
| 041 |
0 |
|
|a slo
|b eng
|
| 044 |
|
|
|a xo
|c SK
|
| 080 |
|
|
|a 728.81(437.6)"17"
|2 2001
|
| 080 |
|
|
|a 316.343.37(437.6)"17"
|2 2001
|
| 080 |
|
|
|a 904:728.81(437.6)"17"
|2 2001
|
| 080 |
|
|
|a 94(437.6):338"17"
|2 2001
|
| 080 |
|
|
|a 63(437.6)"17"
|2 2001
|
| 080 |
|
|
|a 930.253-027.541
|2 2001
|
| 080 |
|
|
|a 93/94-027.541
|2 2001
|
| 100 |
1 |
|
|a Kónya, Peter,
|d 1966-
|4 aut
|9 203597
|
| 245 |
1 |
0 |
|a K panskému hospodáreniu v zemplínskych a užských mestečkách v 18. storočí (Humenné, Michalovce, Sobrance)
|c Peter Kónya
|
| 504 |
|
|
|a Bibliogr. odkazy
|
| 546 |
|
|
|a Res. angl.
|
| 648 |
|
7 |
|a 18. stor.
|2 svkpocl
|9 283423
|
| 650 |
0 |
7 |
|a hradné panstvá
|2 snkbucl
|9 343972
|
| 650 |
0 |
7 |
|a panské majetky
|2 snkbucl
|9 831433
|
| 650 |
0 |
7 |
|a poľnohospodárstvo
|2 svkpocl
|9 679
|
| 650 |
0 |
7 |
|a hospodárske dejiny
|2 svkpocl
|9 2284
|
| 650 |
0 |
7 |
|a regionálne dejiny
|2 svkpocl
|9 63645
|
| 650 |
0 |
7 |
|a dejiny obcí
|2 SNKPH
|9 164834
|
| 651 |
|
7 |
|a Zemplínska stolica (Slovensko)
|2 snkbucl
|9 59082
|
| 651 |
|
7 |
|a Užská stolica (Slovensko)
|2 svkpocl
|9 1022088
|
| 651 |
|
7 |
|a Humenné (Slovensko)
|2 svkpocl
|9 19199
|
| 651 |
|
7 |
|a Michalovce (Slovensko)
|2 snkbucl
|9 22487
|
| 651 |
|
7 |
|a Sobrance (Slovensko)
|2 svkpocl
|9 23785
|
| 655 |
|
7 |
|a štúdie
|2 svkpocl
|9 57033
|
| 773 |
0 |
|
|t Annales historici Presovienses
|g Roč. 12, č. 2 (2012), s. 54-72
|x 1336-7528
|
| 852 |
|
|
|a SVKPO
|b KIS3GCP
|
| 958 |
|
|
|a SK
|
| 958 |
|
|
|a NB
|
| 999 |
|
|
|c 3015034
|d 3016964
|